Breaking of a Thousand Swords (Record no. 16153)

MARC details
000 -LEADER
fixed length control field 00605nam a2200241 a 4500
020 ## - INTERNATIONAL STANDARD BOOK NUMBER
ISBN 0791460
082 00 - DEWEY DECIMAL CLASSIFICATION NUMBER
Classification number 956.7
Author Cutter GOR
100 ## - MAIN ENTRY--AUTHOR NAME
Author name Gordon, Matthew S
245 ## - TITLE STATEMENT
Title Breaking of a Thousand Swords
260 ## - PUBLICATION, DISTRIBUTION, ETC. (IMPRINT)
Place of publication Albany
Name of publisher State University of New York
Year of publication 2001
300 ## - PHYSICAL DESCRIPTION
Number of Pages 303p
500 ## - GENERAL NOTE
General note includes index and biblioraphy
505 2# - FORMATTED CONTENTS NOTE
Formatted contents note Index
650 ## - SUBJECT ADDED ENTRY--TOPICAL TERM
Topical Term Iraq-History
942 ## - ADDED ENTRY ELEMENTS (KOHA)
Koha item type Books
700 1# -
-- Gordon, Matthew S
Holdings
Collection code Home library Current library Date acquired Cost, normal purchase price Full call number Accession Number Koha item type
  Henry Martyn Institute Library Henry Martyn Institute Library 05/30/2007 595.70 956.7 GOR 021016 Books
                   Copyright © 2026 | Henry Martyn Institute | Hyderabad | TS-500052 | INDIA | Implemented by hmi.edu.in
Hit-Count:

Powered by Koha